000 00502nam a2200193Ia 4500
003 GCL
008 140319s9999 xx 000 0 eng d
040 _aGCL /
_cGCL
082 0 4 _a524.9
_bB S
100 1 _aBAKER, RAYMOND
245 1 0 _aSOLVING PROBLEM IN SURVEYING /
_cBAKER, RAYMOND
700 1 _aBANNISTER, ARTHUR
260 _a[S.N] :
_bELBS ،
_c1990
300 _a332\P
650 0 4 _aالتحليل الرياضى
650 0 4 _aCIVIL ENGINEERING
650 0 4 _aSURVERYING
942 _2ddc
_cBK
999 _c20117
_d20117